Gaming Quiz

Random Gaming or Video Games Quiz

Skylander Elements Quiz Stats

 Plays Quiz Updated Mar 3, 2020

Support Sporcle.
Go Orange.
Score 0/10 Timer 01:00
0 Plays Today
% Correct
Water
93.7%
Fire
93.7%
Earth
86.2%
Air
82.6%
Magic
72.8%
Dark
67.9%
Undead
67.8%
Life
67.1%
Light
66.1%
Tech
64.8%

You're not logged in!

Compare scores with friends on all Sporcle quizzes.
OR
Log In

From the Vault

Hide Your 'M' Movies

by timmylemoine1

This mission shouldn't be impossible, so have at it. But only if you choose to accept it.
Remove Ads.
Support Sporcle.
Get the best of Sporcle when you Go Orange. This ad-free experience offers more features, more stats, and more fun while also helping to support Sporcle. Thank you for becoming a member.

Show Comments

Extras

Top Quizzes Today


Score Distribution

Your Account Isn't Verified!

In order to create a playlist on Sporcle, you need to verify the email address you used during registration. Go to your Sporcle Settings to finish the process.

Report this User

Report this user for behavior that violates our Community Guidelines.

Details: